| 000 | 00000nam 2200000za 4500 |
| 001 | 9.822284 |
| 003 | CaOODSP |
| 005 | 20221107143643 |
| 007 | cr ||||||||||| |
| 008 | 160809s2016 onc o f000 0 fre d |
| 040 | |aCaOODSP|bfre |
| 043 | |an-cn--- |
| 086 | 1 |aH113-24/2016-38F-PDF |
| 245 | 00|aPyriméthanil |h[ressource électronique]. |
| 260 | |aOttawa : |bSanté Canada, |cc2016. |
| 300 | |a6 p. |
| 490 | 1 |aLimites maximales de résidus proposées, |x1925-086X ; |vPMRL2016-38 |
| 500 | |aPubl. aussi en anglais sous le titre : Pyrimethanil. |
| 500 | |a« Le 4 août 2016. » |
| 504 | |aComprend des références. |
| 520 | |aEn vertu de la Loi sur les produits antiparasitaires, l’Agence de réglementation de la lutte antiparasitaire (ARLA) de Santé Canada a jugé acceptable l’ajout de nouvelles utilisations sur les concombres de serre à l’étiquette du fongicide Scala® pour traitement en serre, qui contient du pyriméthanil de qualité technique. Les utilisations approuvées au Canada sont décrites sur l’étiquette du fongicide Scala® pour traitement en serre (numéro d’homologation 29975). L’évaluation de ces demandes concernant le pyriméthanil a permis de conclure que la préparation commerciale a une valeur et que les risques liés à ces nouvelles utilisations sont acceptables pour la santé humaine et pour l’environnement. |
| 530 | |aÉgalement publ. en version imprimée. |
| 692 | 07|2gccst|aFongicide |
| 692 | 07|2gccst|aAccréditation |
| 692 | 07|2gccst|aToxicologie |
| 710 | 1 |aCanada. |bAgence de réglementation de la lutte antiparasitaire. |
| 710 | 1 |aCanada. |bSanté Canada. |
| 775 | 08|tPyrimethanil |w(CaOODSP)9.822282 |
| 830 | #0|aLimites maximales de résidus proposées,|x1925-086X ; |vPMRL2016-38|w(CaOODSP)9.501545 |
| 856 | 40|qPDF|s167 Ko|uhttps://publications.gc.ca/collections/collection_2016/sc-hc/H113-24-2016-38-fra.pdf |